000 00488nam a2200181Ia 4500
008 090124s9999 xx 000 0 und d
082 _b12855
_a3079
100 _aकाणेकर अनंत
245 _a सोनपिसें
250 _a1
260 _c1962
300 _a117
600 _aकाणेकर अनंत
630 _a सोनपिसें
700 _aकाणेकर अनंत
730 _a सोनपिसें
942 _cBOOK
999 _c126794
_d126794